01091nam a22002171 450000100060000000300090000600500170001500700030003200800410003508000280007611000440010424502350014826000650038330000270044850502410047561000440071670000270076070000400078785200230082785200230085053934ES-MaACL20230906162845.0t|900725s1866 sp ||||0| spa d a61:061.236.7(460.27 M.)2 aSociedad Médica La Amiga del Estudio.10aResumen de las tareas de la Sociedad Médica La Amiga del Estudio, en el período académico de 1864 a 1865, leído en la sesión aniversario de 18 de febrero de 1866 / cpor el secretario de actas D. C. Emilio Gómez Manso. aMadrid : b[s.n.], c1866 (fImp. de Cristóbal González) a39, XXIV p. ; c26 cm.8 aContiene: Discurso leído en la apertura de la Sociedad Médica La Amiga del Estudio / por el socio de número M. Fernández y Rodríguez . Apéndices al discurso Sobre los sistemas y el método / por M. Fernández y Rodríguez24aSociedad Médica La Amiga del Estudio.1 aGómez Manso, Emilio.1 aFernández y Rodríguez, Mariano.4 aES-MaACLjT-75-F-54 aES-MaACLjT-76-F-9